000 00217nam a2200097Ia 4500
008 240331s9999 xx 000 0 und d
082 _bSHA
100 _aShanmugasundaram, S
245 0 _aNattuppurap padalkal
942 _cL
999 _c3637
_d3637